MARC

LEADER 00000nam0a2200000 4500
001 274312
005 20231101234721.0
035 |a (RuTPU)RU\TPU\book\297522 
090 |a 274312 
100 |a 20141105d1985 k y0rusy50 ca 
101 0 |a rus 
102 |a RU 
105 |a a z 001zy 
200 1 |a Фильтрационные и миграционные процессы в массиве горных пород  |e сборник научных трудов  |f Ленинградский горный институт им. Г. В. Плеханова (ЛГИ) ; под ред. В. А. Мироненко 
210 |a Ленинград  |c Изд-во ЛГИ  |d 1985 
215 |a 137 с.  |c ил. 
320 |a Библиогр. в конце ст. 
606 1 |a Горные породы  |x Физические процессы  |2 stltpush  |3 (RuTPU)RU\TPU\subj\7947  |9 35456 
610 1 |a фильтрационные процессы 
610 1 |a миграционные процессы 
610 1 |a полезные ископаемые 
610 1 |a массивы горных пород 
610 1 |a месторождения 
610 1 |a массоперенос 
610 1 |a подземные воды 
610 1 |a опробовательные работы 
610 1 |a водно-физические свойства 
675 |a 622.02  |v 3 
702 1 |a Мироненко  |b В. А.  |4 340 
712 0 2 |a Ленинградский горный институт им. Г. В. Плеханова (ЛГИ)  |c (1924-1991)  |2 stltpush  |3 (RuTPU)RU\TPU\col\1021 
801 1 |a RU  |b 63413507  |c 20141105 
801 2 |a RU  |b 63413507  |c 20160309  |g RCR 
942 |c BK